000 01491cam a2200397 c 4500
001 58119
003 CO-BoRNBP
005 20250815223026.0
007 ta
008 140611s2014 ck a gr f000 0 spa
020 _a9789588841649
040 _aCO-BoRNBP
_bspa
_erda
_cCO-BoRNBP
041 1 _aspa
_heng
084 _aC
245 1 0 _aDe bellas y bestias :
_beuropa - Asia - América /
_cversiones de Jeanne-Marie Le Prince de Beaumont, Adele M. Fielde y Dominga Fuentes de Norambuena ; selección de textos Besty Hearne ; ilustraciones Alicia Baladan... [and others].
250 _aPrimera edición
264 1 _aBogotá, Colombia :
_bBabel Libros,
_c2014
300 _a49 páginas :
_bilustraciones y mapas a color
336 _atexto
_btxt
_2rdacontent
337 _asin mediación
_bn
_2rdamedia
338 _avolumen
_bnc
_2rdacarrier
490 0 _aCuentos del globo
504 _aIncluye bibliografía
521 1 _aRecomendado para niños de 4 a 6 años
650 0 7 _aCuentos infantiles
_vcolecciones
_2lemb
_92044
650 0 7 _aLibros y lectura para niños
_2LEMB
_92366
650 0 7 _aLiteratura infantil
_vcolecciones
_2lemb
_92409
655 _aColecciones
_9324645
700 _aBaladan, Alicia
_eill
_962487
700 _aFielde, Adele M.
_962488
700 _aFuentes de Norambuena, Dominga
_962489
700 _aHearne, Betsy
_962490
700 1 _aLeprince de Beaumont, Jeanne-Marie,
_d1711-1780
_962491
942 _2loc
_cBKINF
990 _a2014-6821
_bBabel Libros SAS
999 _c58119
_d58119